000 01607nam a2200301 i 4500
001 186881
003 SpMaBN
005 20250927140217.0
008 170224s2005 sp a c |||| |dspa d
020 _a978-84-7788-407-1
080 _a097(083.824)
080 _a929 Cervantes Saavedra, Miguel de (067.5)
245 0 0 _aDon Quijote en los exlibris /
_c[organizan, Empresa Pública Don Quijote de la Mancha 2005 ... et al. ; textos exposición y catálogo, Esther Almarcha Núñez-Herrador, Isidro Sánchez Sánchez, Gian Carlo Torre, Eduardo Urbina].
260 _a[Toledo] :
_bEmpresa Pública Don Quijote de La Mancha 2005 :
_bJunta de Comunidades de Castilla-La Mancha,
_c[2005]
300 _a51 p. :
_bil. col. y n. ;
_c27 cm.
504 _aReferencias bibliográficas.
594 _aCatálogo con la selección de 57 ex libris de la exposición de la colección de "ex libris" cervantinos del Dr. Gian Carlo Torre, con motivo del IV centenario de la publicación de la primera parte del "Quijote"
596 _aEn port. y contracub.: Quixote IV Centenario.
600 1 4 _aCervantes Saavedra, Miguel de,
_d1547-1616.
_tDon Quijote de la Mancha-
_vAniversarios y centenarios
_937614
650 7 _aExlibris cervantinos-
_vExposiciones
_2
_9161879
700 1 _aAlmarcha Núñez-Herrador, Esther,
_d1962-
_9161880
700 1 _aSánchez Sánchez, Isidro,
_d1949-
_9152461
700 1 _aTorre, Gian Carlo.
_9161881
700 1 _aUrbina, Eduardo.
_9112088
710 2 _aEmpresa Pública Don Quijote de la Mancha 2005.
_93470
852 _aES-MaACL
_j2084-F-45
999 _c186881
_d186881